000
00181 a2200097 4500
020
_a
9780439795944
041
_a
eng
100
_a
Wilhelm,hans
245
_a
i love snow
942
_c
BK
999
_c
31872
_d
31870